000
00236nam a2200097Ia 4500
001
1100368
005
20250827003238.0
008
250824s9999 xx 000 0 und d
245
0
_a
BİTANEM
_c
CANDAN ÖZER
260
_b
PANAMA YAYINLARI
999
_c
1100368
_d
1100368